000 00985nam a2200301 i 4500
003 DO-SdBNP
005 20260223094018.0
007 ta
008 231009e2004 dr ||| |||| 00| 1 spa d
040 _aDO-SdBNP
_bspa
_cBNPHU
_erda
041 _aspa
082 4 _aRD863.44
_bA473a
_222
100 1 _aAlvarez, Julia,
_eautor
_4aut.
_984417
245 1 0 _aAntes de ser libres /
_cJulia Alvarez ; traducción, Liliana Valenzuela
264 1 _aEstados Unidos :
_bLaurel-Leaf Book,
_c2004.
300 _a184 páginas ;
_c22 cm
336 _atexto
_btxt
_2rdacontent
337 _asin medición
_bn
_2rdamedia
338 _avolumen
_bnc
_2rdacarrier
586 _aPremio al Autor Pura Belpré
590 _aInventariado 2023 / DG
590 _aAutografíado por el autor
650 7 _aNovela dominicana
_2LEMB
_9223
650 7 _aLiteratura dominicana
_2LEMB
700 1 _aValenzuela, Liliana,
_etraductor
_4tr.
_984433
910 _aDG/Validado. Control de calidad MFF
942 _2ddc
_cLBS1
999 _c55159
_d55159